Manual del impuesto sobre la renta de las personas físicas / (Record no. 138122)

MARC details
000 -LEADER
campo de control de longitud fija 00729nam a2200193 4500
001 - NÚMERO DE CONTROL
campo de control 138122
003 - IDENTIFICADOR DE NÚMERO DE CONTROL
campo de control ES-MaACL
005 - FECHA Y HORA DE LA ÚLTIMA TRANSACCIÓN
campo de control 20230906195516.0
007 - CAMPO FIJO DE DESCRIPCIÓN FÍSICA--INFORMACIÓN GENERAL
campo de control de longitud fija t|
008 - DATOS DE LONGITUD FIJA--INFORMACIÓN GENERAL
campo de control de longitud fija 070214s1967 sp r ||||1| spa d
100 1# - ENTRADA PRINCIPAL--NOMBRE DE PERSONA
Nombre de persona Sánchez Piñol, Daniel.
9 (RLIN) 102855
245 10 - MENCIÓN DEL TÍTULO
Título Manual del impuesto sobre la renta de las personas físicas /
Mención de responsabilidad, etc. por Daniel Sánchez Piñol y Francisco García López de Arenosa ; prólogo... Bernardo Revuelta García.
260 ## - PUBLICACIÓN, DISTRIBUCIÓN, ETC.
Lugar de publicación, distribución, etc. Madrid :
Nombre del editor, distribuidor, etc. [s. n.],
Fecha de publicación, distribución, etc. 1967 (
Fabricante Nuevas Gráficas)
300 ## - DESCRIPCIÓN FÍSICA
Extensión XI, 388 p. ;
Dimensiones 21 cm.
500 ## - NOTA GENERAL
Nota general En blanco las p. 250-251.
700 1# - ENTRADA AGREGADA--NOMBRE PERSONAL
Nombre de persona García López de Arenosa, Francisco.
9 (RLIN) 54852
700 1# - ENTRADA AGREGADA--NOMBRE PERSONAL
Nombre de persona Revuelta García, Bernardo.
9 (RLIN) 96462
852 ## - LOCALIZACIÓN
Ubicación ES-MaACL
Número de control de estantería C-32832
Sublocalización o colección R.63469
Holdings
Estatus retirado Estado de pérdida Estado de daño No para préstamo Biblioteca de origen Biblioteca actual Ubicación en estantería Fecha de adquisición Fuente de adquisición Total de préstamos Signatura topográfica completa Código de barras Visto por última vez Precio de reemplazo Tipo de ítem Koha
        Biblioteca del Ateneo de Madrid Biblioteca del Ateneo de Madrid Depósito 2 17/01/2008     C-32832 1143727 23/02/2023 23/02/2023 Libro impreso